Responses for Show #2786 - Monday, October 14, 1996

Contestants

[<< previous game]

Gary Sales, a psychiatrist from Canton, Ohio

Michael Willoughby, an attorney from North Richland Hills, Texas

Kathy Robbins, a bed-and-breakfast owner from Denver, Colorado (whose 2-day cash winnings total $17,500)

[next game >>]

Jeopardy! Round responses

U.S.A.
SAINTS
ROCK MUSIC
FLOWERS
SPORTS
PRESIDENTS' MONOGRAMS
    $100 1
(Kathy: What is the Senate?)

Capitol

KathyMichael
    $100 12
Ireland

Michael
    $100 2
The Beatles

Kathy
    $100 22
petunia

Michael
    $100 3
Chicago

Michael
    $100 17
(Gerald Rudolph) Ford

Michael
    $200 8
Napa Valley

Kathy
    $200 27
Michael

Triple Stumper
    $200 13
Alanis Morissette

Michael
    $200 23
lily

Gary
    $200 4
Don Shula

Kathy
    $200 18
(James Earl) Carter

Michael
    $300 9
Parthenon

Gary
    $300 28
Peter

Kathy
    $600 14
Eric Clapton

Michael
    $300 24
dahlia

Kathy
    $300 5
Mike Tyson

Michael
    $300 19
George (Herbert Walker) Bush

Kathy
    $400 10
(Gary: What is Faneuil Hall?)

Old North Church

Gary
Triple Stumper
    $400 29
Albert

Michael
    $400 15
Bonnie Raitt

Michael
    $400 25
Florida

Gary
    $400 6
Nicklaus

Kathy
    $400 20
(William Jefferson) Clinton

Gary
    $500 11
Deadwood

Gary
    $500 30
John

Gary
    $500 16
Sheryl Crow

Triple Stumper
    $500 26
orchid

Kathy
    $500 7
auto racing

Kathy
    $500 21
(Stephen Grover) Cleveland

Michael

Scores at the first commercial break (after clue 14):

Kathy Michael Gary
$1,300 $1,400 $400

Scores at the end of the Jeopardy! Round:

Kathy Michael Gary
$2,700 $3,100 $1,900

Double Jeopardy! Round responses

THE 12th CENTURY
WORLD GEOGRAPHY
SCIENCE
WOMEN
GREEK MYTHOLOGY
LITERARY HODGEPODGE
    $200 18
Japan

Michael
    $200 1
Canada

Kathy
    $200 14
heart

Michael
    $200 6
Sarah

Kathy
    $200 21
Pegasus

Gary
    $200 9
(Henry) Miller

Michael
    $400 24
(Michael: What is Dublin?)

Belfast

KathyMichael
    $400 2
Montevideo

Gary
    $400 15
(Gary: What is rotate?)

tilts

KathyGary
    $400 7
Kenya

Kathy
    $400 22
(Gary: Who is Neptune?)

Poseidon

KathyGary
    $400 10
Wakefield

Michael
    $600 25
Sicily

Kathy
    $600 3
New Zealand

Kathy
    $600 19
(Alex: Be more specific.)

Anna Freud

Michael
    $600 8
Pavarotti

Michael
    $600 28
golden apples

Triple Stumper
    $600 11
Hemingway

Michael
    $800 26
Angkor Wat

Gary
    $1,000 4
[NOTE: Doyle's Delight was later determined to actually be the highest point in Belize.]

Belize

Kathy
    $1,200 20
Halley's Comet

Michael
    $800 16
Sally Jessy Raphael

Triple Stumper
    $800 29
(Michael: Who is Daedalius?)
...
(Alex: You added an "I" in there making it "-lius" instead of "-lus".)

Daedalus

KathyMichael
    $800 12
Ivanhoe

Michael
    $1000 27
Saladin

Kathy
    $1000 5
Orinoco

Kathy
    $1000 23
quark

Michael
    $1000 17
(Benazir) Bhutto

Gary
    $1000 13
(Alex: Well done in that category. You're back in the lead.)

(Somerset) Maugham

Michael

Scores at the end of the Double Jeopardy! Round:

Kathy Michael Gary
$9,700 $8,700 $3,500

[wagering suggestions for these scores]

Final Jeopardy! Round responses

NAMES IN THE NEWS
GaryWho is Tutu
$500
MichaelWho is Desmond Tutu
$8,699
KathyWho is Desmond Tutu?
$8,700
Desmond Tutu

Final scores:

Kathy Michael Gary
$18,400 $17,399 $4,000
3-day champion: $35,900 2nd place: Trip to Saint Martin at Grand Case Beach Club 3rd place: Hobie Float Cat

Game dynamics:

Coryat scores:

Kathy Michael Gary
$9,500 $8,000 $3,500
21 R
(including 1 DD),
1 W
23 R
(including 2 DDs),
2 W
10 R,
3 W

Combined Coryat: $21,000

[game clues] [game scores] [suggest correction]

Game tape date: 1996-08-27
The J! Archive is created by fans, for fans. Scraping, republication, monetization, and malicious use prohibited; this site may use cookies and collect identifying information. See terms. The Jeopardy! game show and all elements thereof, including but not limited to copyright and trademark thereto, are the property of Jeopardy Productions, Inc. and are protected under law. This website is not affiliated with, sponsored by, or operated by Jeopardy Productions, Inc. Join the discussion at JBoard.tv.